000 01277cam a2200133 4500500
005 20260329023203.0
041 _afre
042 _adc
100 1 0 _aDelleaux, Fulgence
_eauthor
245 0 0 _aHistoire économique de l'Europe moderne : XVe-XVIIIe siècle
260 _bArmand Colin,
_c2015.
520 _aDu milieu du XVe à la fin du XIIIe siècle, l’Europe vit de profondes mutations économiques. Le lent passage des autarcies vivrières à une économie de marché, en voie de généralisation au seuil de la Révolution industrielle, s’accompagne de l’affirmation du capitalisme. Malgré des épisodes de crise, l’économie européenne moderne connaît une expansion permanente. L’auteur en présente les spécificités et les facteurs explicatifs, en s’interrogeant notamment sur la place des diverses productions agricoles et manufacturières, leur organisation, leur insertion dans les échanges et leur évolution. À la lumière d’une historiographie en plein renouvellement, cet ouvrage propose une synthèse claire et complète des caractéristiques et de l’évolution de l’économie en Europe occidentale.
856 4 1 _uhttps://shs.cairn.info/histoire-economique-de-l-europe-moderne--9782200603519?lang=fr&redirect-ssocas=7080
999 _c1925345
_d1925345